| 000 -LEADER |
| fixed length control field |
00370cam a22001097a 4500 |
| 008 - FIXED-LENGTH DATA ELEMENTS--GENERAL INFORMATION |
| fixed length control field |
180718b1980 xxu||||| |||| 00| 0 eng d |
| 082 ## - DEWEY DECIMAL CLASSIFICATION NUMBER |
| Classification number |
A8x5453 H/1979 |
| 100 ## - MAIN ENTRY--PERSONAL NAME |
| Personal name |
Kerala. Bureau of Economics and Statistics |
| 245 ## - TITLE STATEMENT |
| Title |
Statistical hand book of Kerala, 1979 |
| Statement of responsibility, etc. |
by Bureau of Economics and Statistics |
| 260 ## - PUBLICATION, DISTRIBUTION, ETC. |
| Place of publication, distribution, etc. |
Trivandrum |
| Name of publisher, distributor, etc. |
Government of Kerala |
| Date of publication, distribution, etc. |
1980 |
| 300 ## - PHYSICAL DESCRIPTION |
| Extent |
361p. |